| 000 | 00585nam a22001817a 4500 | ||
|---|---|---|---|
| 005 | 20231113100052.0 | ||
| 008 | 231113b |||||||| |||| 00| 0 eng d | ||
| 020 | _a0702159115 | ||
| 041 | _aEnglish | ||
| 082 | _a346.5 DEW | ||
| 100 |
_aDe Waal, MJ and Schoeman-Malan, MC _lEnglish |
||
| 245 |
_aIntroduction to the Law of Succession / _cMJ De Waal and MC Schoeman-Malan |
||
| 250 | _a3rd Edition | ||
| 260 |
_aCape Town : _bJuta and Company Ltd, _c2003 |
||
| 300 |
_bxliv, 257 pages; _c25 cm. |
||
| 650 |
_aLegal practice _bLaw |
||
| 942 |
_cBK _6ALISON_BN_VRIES |
||
| 999 |
_c555 _d555 |
||